Hồi quy phi tham số : Luận văn Thạc sĩ chuyên ngành Lý thuyết xác suất và thống kê toán học
Đề tài hệ thống một cách logic, rõ ràng một số vấn đề cơ bản trong việc xây dựng mô hình hồi quy phi tham số, xem xét tính ứng dụng của hồi quy phi tham số từ số liệu của các đề tài nghiên cứu khoa học qua xử lý của một phần mềm tho...
Tallennettuna:
| Päätekijä: | |
|---|---|
| Aineistotyyppi: | Kirja |
| Kieli: | Undetermined |
| Julkaistu: |
Cần Thơ
Trường Đại học Cần Thơ
2014
|
| Aiheet: | |
| Tagit: |
Lisää tagi
Ei tageja, Lisää ensimmäinen tagi!
|
| Thư viện lưu trữ: | Trung tâm Học liệu Trường Đại học Cần Thơ |
|---|
| LEADER | 01236nam a2200217Ia 4500 | ||
|---|---|---|---|
| 001 | CTU_194042 | ||
| 008 | 210402s9999 xx 000 0 und d | ||
| 082 | |a 519.536 | ||
| 082 | |b L312 | ||
| 088 | |a 604615 | ||
| 100 | |a Nguyễn, Thị Thùy Linh | ||
| 245 | 0 | |a Hồi quy phi tham số : | |
| 245 | 0 | |b Luận văn Thạc sĩ chuyên ngành Lý thuyết xác suất và thống kê toán học | |
| 245 | 0 | |c Nguyễn Thị Thùy Linh ; Tô Anh Dũng (Hướng dẫn khoa học) | |
| 260 | |a Cần Thơ | ||
| 260 | |b Trường Đại học Cần Thơ | ||
| 260 | |c 2014 | ||
| 520 | |a Đề tài hệ thống một cách logic, rõ ràng một số vấn đề cơ bản trong việc xây dựng mô hình hồi quy phi tham số, xem xét tính ứng dụng của hồi quy phi tham số từ số liệu của các đề tài nghiên cứu khoa học qua xử lý của một phần mềm thống kê để tạo ra một quy trình cho các số liệu tương tự. | ||
| 650 | |a Regression analysis,Phân tích hồi quy | ||
| 910 | |a Hải | ||
| 980 | |a Trung tâm Học liệu Trường Đại học Cần Thơ | ||